000 00635nam a2200205Ia 4500
003 OSt
005 20250714142600.0
008 220926b |||||||| |||| 00| 0 eng d
037 _cReference
040 _aRTL
_cRTL
_beng
041 _2eng
_aeng
084 _aB28 M9/SC
_qRTL
100 _aRao, C. Radhakrishna
_9371115
245 0 _aStatistics and truth: Putting chance to work
260 _aNew Delhi
_bCSIR
_c1989
300 _axx, 143 p .
_bIncludes bibliographical references and index
650 _aMathematical statistics
942 _h"B28, M9/SC"
_cREF
_2CC
_n0
999 _c691352
_d691352